1589 1114 1908 1930 1744 1066 1981 1213 1065 1003 1857 1433 1187 1609 1818 1989 1136 1640 1413 1208 1770 1740 1433 1263 1912 1005 1399 1133 1552 1202 1535 1776 1294 1714 1984 1864 1195 1503 1558 1126 1032 1238 1571 1017 1113 1493 1411 1319 1683 1412 1955 1420 1881 1779 1689 1908 1038 1152 1518 1733 1390 1279 1494 1506 1631 1844 1194 1736 1186 1513 1420 1596 1567 1067 1919 1716 1026 1109 1593 1697 1533 1810 1804 1802 1059 1864 1736 1938 1207 1386 1807 1433 1096 1352 1157 1914 1588 1417 1268 BCNSPRNW ULIB Ver.6.0+V

เปลี่ยนเป็นภาษาไทย

Change to English
 แสดงรายละเอียดบรรณานุกรม
  กลับหน้าหลัก

Brief Record : Get Marc (ISO 2709) : E-mail record : QR code < ปิดหน้าต่าง
LEADER : 00000nam 2200000uu 4500
001    13399125933
003     ULIB
008    171120s2558||||th 000 0 tha d
020    ^a9786165382441
050  4 ^aLB 2832.4.T5^bย134ค
100 0  ^aยนต์ ชุ่มจิต
245 10 ^aความเป็นครู =^bSelf actualization for teachers /^cยนต์ ชุ่มจิต
246 31 ^aSelf actualization for teachers
250    ^aพิมพ์ครั้งที่ 6
260    ^aกรุงเทพฯ :^bโอเดียนสโตร์,c2558
300    ^a347 หน้า
650  4 ^aครู
650  4 ^aครู^xการทำงาน
650  4 ^aครู^xจรรยาบรรณ
945    ^p250^l0^i25686
999    ^aกัณชพร จุลอักษร
รายการนี้ยังไม่มีแท็ก
คุณยังไม่ได้ล็อกอิน คุณสามารถมีกิจกรรมร่วมกับเว็บไซต์ได้ แต่ต้องล็อกอินก่อน ::
  ล็อกอิน

รายการสื่อสารสนเทศ

ลำดับที่ ประเภท เลขเรียก/บาร์โค้ด สถานที่ สถานะ
1. วิทยาศาสตร์การแพทย์ และสุขภาพ
วิทยาศาสตร์การแพทย์ และสุขภาพ
LB 2832.4.T5 ย134ค ฉ.1 
  Barcode: 25686
ห้องสมุดวิทยาเขตนครสวรรค์
►หนังสือทั่วไป:l:General Books
บนชั้น

รายการใกล้เคียง
    ผู้แต่ง [ยนต์ ชุ่มจิต]

    หัวเรื่อง [ครู]
    หัวเรื่อง [ครู จรรยาบรรณ]

BibComment


ยังไม่เคยถูกคอมเมนท์

คอมเมนท์ทรัพยากรรายการนี้
  คอมเมนท์: ความเป็นครู Sel..


 Copyright 2026. Bcnsprnw @Library